000 00948cam a22002894a 4500
008
020 _a9780135145296 (pbk. )
049 _aMAIN
090 _aLB1028.5
_bMOR
100 1 _aMorrison, Gary R.
245 1 0 _aIntegrating computer technology into the classroom :
_bskills for the 21st century /
_cGary R. Morrison [and] Deborah L. Lowther.
250 _a4th ed.
260 _aBoston :
_bPearson,
_cc2010.
300 _axxv, 357 p. :
_bill. ;
_c23 cm.
500 _aIncludes index.
504 _aIncludes bibliographical references.
650 0 _aComputer-assisted instruction.
650 0 _aComputer managed instruction.
650 0 _aComputers
_xStudy and teaching.
650 0 _aInstructional systems
_xDesign.
700 1 _aLowther, Deborah L.
907 _a.b10367305
_b07-12-15
_c07-12-15
003
005 20230123122202.0
040 _cNUST
942 _cBOOKS
_kLB1028.5
_mMOR
999 _c129291
_d129291